000
00318nam a2200145Ia 4500
100
_a
Trommer I/ Schnitz
942
_c
BK
654
_a
unix
245
_a
System Administration Under Unix
260
_b
Galgotia
_a
New Delhi
_c
1995
082
_a
005.13 U TRO
_b
SC
300
_a
248
546
_a
ENGLISH
999
_c
26230
_d
26230